Biological Diversity: (Registro nro. 7307)

Detalles MARC
000 -CABECERA
Campo de control 00838nam a22002297a 4500
005 - FECHA Y HORA DE LA ULTIMA TRANSACCION
Campo de control 20200104041616.0
008 - ELEMENTOS DE LONGITUD FIJA—INFORMACION GENERAL
Campo de control 130614b2011 xxu||||| |||| 00| 0 eng d
020 ## - ISBN
ISBN 970199580675
041 ## - IDIOMA
Código de idioma para texto/pista de sonido o título separado Inglés
082 00 - NUMERO DE CLASIFICACION DECIMAL DEWEY
Número de clasificación 578.7
Número del ítem M213b
100 ## - ASIENTO PRINCIPAL--NOMBRE PERSONAL
Nombre personal Magurran, Anne E
245 00 - MENCION DE TITULO
Título Biological Diversity:
Parte restante del título frontiers in measurement and assessment
Mención de responsabilidad edited by Anne E. Magurran and Brian J. McGill
260 ## - PUBLICACION, DISTRIBUCION, ETC. (PIE DE IMPRENTA)
Lugar de publicación, distribución, etc. Oxford ;
-- New York :
Nombre del editor, distribuidor, etc. Oxford University Press,
Fecha de publicación, distribución, etc. c 2011
300 ## - DESCRIPCION FISICA
Extensión xvii, 345 p.:
Otros detalles físicos il.;
Dimensiones 25 cm.
504 ## - NOTA DE BIBLIOGRAFIA, ETC.
Nota de bibliografía Incluye referencias bibliográficas (p. 295 - 335) e índice (p. 337 - 345)
600 #0 - ASIENTO SECUNDARIO DE MATERIA - NOMBRE PERSONAL
Nombre persona Biodiversidad
600 #0 - ASIENTO SECUNDARIO DE MATERIA - NOMBRE PERSONAL
Nombre persona Biodiversidad
Subdivisión general Monitoreo
600 #0 - ASIENTO SECUNDARIO DE MATERIA - NOMBRE PERSONAL
Nombre persona Conservación de la biodiversidad
700 1# - ASIENTO SECUNDARIO - NOMBRE PERSONAL
Nombre personal Magurran, Anne E.,
Fechas asociadas con el nombre 1995 -
700 1# - ASIENTO SECUNDARIO - NOMBRE PERSONAL
Nombre personal McGill, Brian J.
942 ## - ELEMENTOS ADICIONALES (KOHA)
Sistema de clasificación Dewey Decimal Classification
Tipo de ítem CD-ROM
Koha issues (borrowed), all copies 4
Existencias
Withdrawn status Lost status Sistema de Clasificación Damaged status No para préstamo Colección Inventariado Ubicación Permanente Ubicación actual Fecha de adquisición Fuente de Valor Valor Total Checkouts Total Renewals Número topográfico Inventario / Código de Barras Date last seen Date checked out Ejemplar Price effective from Forma de adquisición Tipo de material
    Dewey Decimal Classification     General Inventariado 2017 Bogotá Bogotá 14/06/2013 Instituto 39000.00 5 1 LB-578.7 M213b 029649 18/02/2016 18/02/2016 Ej. 1 14/06/2013 Compra Libro